Prealgebra : (Record no. 2752)
[ view plain ]
| 000 -LEADER | |
|---|---|
| fixed length control field | 00720cam a22002292 4500 |
| 001 - CONTROL NUMBER | |
| control field | 0000004518 |
| 005 - DATE AND TIME OF LATEST TRANSACTION | |
| control field | 20151217145813.0 |
| 008 - FIXED-LENGTH DATA ELEMENTS--GENERAL INFORMATION | |
| fixed length control field | 070524s xx 000 0 eng d |
| 020 ## - INTERNATIONAL STANDARD BOOK NUMBER | |
| International Standard Book Number | 0072546867 : |
| 040 ## - CATALOGING SOURCE | |
| Original cataloging agency | KABU |
| Transcribing agency | KABU |
| 050 #0 - LIBRARY OF CONGRESS CALL NUMBER | |
| Classification number | QA152.2 |
| Item number | .S77 |
| 100 1# - MAIN ENTRY--PERSONAL NAME | |
| Personal name | Streeter, James. |
| -- | 0000155077 |
| 245 10 - TITLE STATEMENT | |
| Title | Prealgebra : |
| Remainder of title | an integrated equations approach / |
| Statement of responsibility, etc. | James Streeter, Donald Hutchison, Barry Bergman. |
| 260 ## - PUBLICATION, DISTRIBUTION, ETC. (IMPRINT) | |
| Place of publication, distribution, etc. | Boston : |
| Name of publisher, distributor, etc. | McGraw-Hill, |
| Date of publication, distribution, etc. | 2003. |
| 300 ## - PHYSICAL DESCRIPTION | |
| Extent | xviii, 798 p. |
| 650 #0 - SUBJECT ADDED ENTRY--TOPICAL TERM | |
| Topical term or geographic name as entry element | Algebra |
| Form subdivision | Textbooks. |
| -- | 0000155117 |
| 700 1# - ADDED ENTRY--PERSONAL NAME | |
| Personal name | Hutchison, Donald. |
| -- | 0000155116 |
| 700 1# - ADDED ENTRY--PERSONAL NAME | |
| Personal name | Bergman, Barry. |
| -- | 0000155118 |
| 908 ## - PUT COMMAND PARAMETER (RLIN) | |
| Put command parameter | 070524 |
| 950 ## - LOCAL HOLDINGS (RLIN) | |
| -- | 1 |
| Withdrawn status | Lost status | Source of classification or shelving scheme | Not for loan | Home library | Current library | Date acquired | Total Checkouts | Full call number | Barcode | Date last seen | Price effective from | Koha item type |
|---|---|---|---|---|---|---|---|---|---|---|---|---|
| Library of Congress Classification | Kabarak, Main Campus | Kabarak, Main Campus | 17/12/2015 | QA152.2 .S77 | 003434 | 17/12/2015 | 17/12/2015 | General Collection |